| 000 | 01325cam a22002775a 4500 | ||
|---|---|---|---|
| 001 | L148758 | ||
| 002 | 18035 | ||
| 008 | 091104s2009 xxk f 001 0 eng d | ||
| 020 | _a9781842195116 | ||
| 035 | _a(Sirsi) u148758 | ||
| 041 | 0 | _aeng | |
| 050 | 0 | 4 | _a333.332 $2 18 |
| 100 | 1 | _aParnham, Phil | |
| 245 | 0 | 2 | _aA surveyor's guide to the RICS homebuyer service |
| 260 |
_aCoventry _bRICS _c2009 |
||
| 300 |
_avi, 229p. _bill. _c30cm. |
||
| 350 | _a39.50 | ||
| 505 | 2 | _aIntroduction -- The new homebuyer report -- Preparing for the inspection -- The inspection procedure -- Developing a consistent approach - The conditon rating protocol -- Writing the report -- Making the homebuyer work -- Appendices. | |
| 520 | _aThis book is a step-by-step companion which gives expert advice and helpful tips for contracting with the client, conducting and recording the inspection, and producing an HBR report. Also gives clear explanations of the practicalities of delivering the service, illustrated with examples of each stage in the process, including checklists and site notes, and a complete sample report. | ||
| 521 | _aAdvanced | ||
| 590 | _aKA | ||
| 650 | 2 | 4 | _aHOMEBUYERS REPORT |
| 651 | 4 |
_aUnited Kingdom _y |
|
| 690 | _aPROPERTY-RESIDENTIAL PROPERTY-RESIDENTIAL PROPERTY APPRAISAL AND VALUATION | ||
| 942 | _n0 | ||
| 999 |
_c110209 _d110209 |
||